000 01317nam a2200337 a 4500
001 ebr10683371
003 CaPaEBR
006 m u
007 cr cn|||||||||
008 120531s2012 nyuad sb 001 0 eng d
010 _z 2012021406
020 _z9781621005032 (hardcover)
020 _z9781622573219 (e-book)
040 _aCaPaEBR
_cCaPaEBR
035 _a(OCoLC)831625556
050 1 4 _aHV6710
_b.P793 2012eb
082 0 4 _a616.85/841
_223
245 0 0 _aPsychology of gambling
_h[electronic resource] :
_bnew research /
_cAndrea Cavanna, editor.
260 _aHauppauge, N.Y. :
_bNova Science Publishers,
_c2012.
300 _aviii, 210 p. :
_bill.
490 1 _aPsychology research progress
504 _aIncludes bibliographical references and index.
533 _aElectronic reproduction.
_bPalo Alto, Calif. :
_cebrary,
_d2013.
_nAvailable via World Wide Web.
_nAccess may be limited to ebrary affiliated libraries.
650 0 _aGambling
_xPsychological aspects.
650 0 _aCompulsive gambling.
655 7 _aElectronic books.
_2local
700 1 _aCavanna, Andrea E.
710 2 _aebrary, Inc.
830 0 _aPsychology research progress series.
856 4 0 _uhttp://site.ebrary.com/lib/rucke/Doc?id=10683371
_zAn electronic book accessible through the World Wide Web; click to view
999 _c13984
_d13984